Profits of science : The American marriage of business and technology
A practical examination focuses on the partially successful relationship between American business and technology since 1945, discarding the notion that bigger is better.
Gespeichert in:
| 1. Verfasser: | |
|---|---|
| Format: | Buch |
| Sprache: | Undetermined |
| Veröffentlicht: |
New York
BasicBooks
1994
|
| Schlagworte: | |
| Tags: |
Tag hinzufügen
Keine Tags, Fügen Sie den ersten Tag hinzu!
|
| Thư viện lưu trữ: | Trung tâm Học liệu Trường Đại học Cần Thơ |
|---|
| LEADER | 00761nam a2200217Ia 4500 | ||
|---|---|---|---|
| 001 | CTU_97920 | ||
| 008 | 210402s9999 xx 000 0 und d | ||
| 082 | |a 303.48 | ||
| 082 | |b T262 | ||
| 100 | |a Teitelman, Robert | ||
| 245 | 0 | |a Profits of science : | |
| 245 | 4 | |b The American marriage of business and technology | |
| 245 | 0 | |c Robert Teitelman | |
| 260 | |a New York | ||
| 260 | |b BasicBooks | ||
| 260 | |c 1994 | ||
| 520 | |a A practical examination focuses on the partially successful relationship between American business and technology since 1945, discarding the notion that bigger is better. | ||
| 650 | |a Science,Technology | ||
| 650 | |z United States,United States | ||
| 904 | |i Hiếu | ||
| 980 | |a Trung tâm Học liệu Trường Đại học Cần Thơ | ||